zpět

Detail výsledku týmu

U Pilnáčka, Hradec Králové

Datum a čas kvízu

26.5 Celkem bodů Celkový počet nahraných bodů na tomto kvízu bez doplňovacích otázek.
7. Pořadí na kvízu Konečné umístění týmu na tomto kvízu.

Zaznamenané odpovědi

# Otázka Odpověď Body Výsledky
1. Možný budoucí premiér Andrej B... 1C 2A 3D 4B 1
2. K oslavám Díkůvzdání, které pr... milost (život) 1
3. Streamovací platforma Netflix... Stranger Things 1
4. Minulý týden jsme se dozvěděli... Five Guys 0
5. Kterému hráči se minulý týden... Kylian Mbappé 0
6. Seřaďte tyto ostrovy dle rozlo... 1D 2B 3A 4C 0
7. Nyní přiřaďte ostrovy ke států... 1A 2D 3C 4B 1
8. Kterému ostrovnímu středomořsk... Malta 0
9. Nyní si odskočíme ke kinematog... Řek Zorba, Anthony Quinn 1
10. Ke kterému středomořskému ostr... Elba 0